| 000 | 01195nam a2200325 a 4500 | ||
|---|---|---|---|
| 001 | 000114581 | ||
| 003 | CHAP | ||
| 005 | 20220329144447.0 | ||
| 008 | 180306s2017 mx sm |||||||spa d | ||
| 010 | _a111042 | ||
| 011 | _a112014 | ||
| 040 | _cCHAP | ||
| 090 | _aTesis | ||
| 100 | 1 |
_aFlores Cantoriano, Carlos _9134733 |
|
| 245 | 1 | 0 |
_aDeterminación de variabilidad genómica en accesiones de Opuntia spp. mediante marcadores moleculares tipo irap. _h[En línea] _cpor Carlos Flores Cantoriano. |
| 260 |
_aChapingo, Méx. : _bEl autor, _c2017. |
||
| 500 | _aPara ver el contenido del material haga clic en la liga | ||
| 502 | _aTesis (Ing. Agr. Esp. en Fitotecnia) -- UACH. Departamento de Fitotecnia | ||
| 590 |
_aE11695DGD _b10 _c20180307 _lUCH01 _h1040 |
||
| 590 |
_aE6339RRR _b05 _c20180306 _lUCH01 _h1316 |
||
| 590 |
_aE6339RRR _b05 _c20180306 _lUCH01 _h1316 |
||
| 590 |
_aE6339RRR _b05 _c20180306 _lUCH01 _h1317 |
||
| 650 | 1 | 4 |
_aNopal _xFisiología y morfología. _981671 |
| 650 | 1 | 4 |
_aNopal _xGenética. _981672 |
| 650 | 1 | 4 |
_aNopal _xMejoramiento. _981682 |
| 856 |
_aFinding aid _uhttp://10.13.5.2/tesis/sist114581.pdf _zTeclea aquí |
||
| 901 | _aBK | ||
| 942 | _cLIBRO | ||
| 942 | _n0 | ||
| 999 |
_c111042 _d111042 |
||